| 000 | 00476nam a22001817a 4500 | ||
|---|---|---|---|
| 005 | 20251108164320.0 | ||
| 008 | 250721s9999 xx 000 0 ara d | ||
| 082 | 1 | 4 | _a418.2/رضا |
| 100 | 1 | _aرضا، علي | |
| 245 | 1 | 0 | _aالإنشاء السهل / |
| 250 | _aط4. | ||
| 264 | 1 |
_aبيروت : _bمكتبة دار الثقافة، _c[19-]. |
|
| 300 | _a207ص | ||
| 650 | 1 | 7 | _aاللغة العربية |
| 650 | 1 | 7 | _aالتعبير |
| 942 |
_2ddc _cBK |
||
| 999 |
_c9131 _d9131 |
||